|
|
|
|
| LEADER |
00822cam a2200217 7i4500 |
| 001 |
0000021131 |
| 005 |
20080915090000.0 |
| 022 |
0 |
0 |
|a 1511-841x
|
| 090 |
0 |
0 |
|a M 910.202
|b VIS
|
| 245 |
0 |
0 |
|a Visitors guide to Malaysia.
|
| 250 |
0 |
0 |
|a 19th ed.
|
| 260 |
0 |
0 |
|a Kuala Lumpur:
|b Tourism Publication Corporation,
|c 2008.
|
| 300 |
# |
# |
|a [v.p].
|
| 650 |
0 |
0 |
|a Guidebooks --
|z Malaysia
|
| 650 |
0 |
0 |
|a Description and travel --
|z Malaysia
|
| 651 |
0 |
0 |
|a Malaysia
|
| 999 |
|
|
|a JHR000050H
|b Directories
|c Malaysia
|e Business Information Centre
|
| 999 |
|
|
|a PNG000748H
|b Directories
|c Malaysia
|e Business Information Centre
|
| 999 |
|
|
|a SBH000727H
|b Directories
|c Malaysia
|e Business Information Centre
|
| 999 |
|
|
|a SRW000154H
|b Directories
|c Malaysia
|e Business Information Centre
|
| 999 |
|
|
|a TRG000023H
|b Directories
|c Malaysia
|e MATRADE Eastern Regional Office
|